A Handbook on the Compulsory Motor Vehicle Insurance Act 1972 / (Record no. 205)

MARC details
000 -LEADER
fixed length control field 00554nam a22001817a 4500
005 - DATE AND TIME OF INPUT
control field 20240111070341.0
008 - DATA ELEMENTS--GENERAL INFORMATION
fixed length control field 231101b |||||||| |||| 00| 0 eng d
020 ## - INTERNATIONAL STANDARD BOOK NUMBER
International Standard Book Number 409045160
041 ## - LANGUAGE CODE
Language code of text English
082 ## - SHELF NUMBER
DDC number 346.7 NAT
100 ## - MAIN AUTHOR
Main author's name Nathan, CJM
Language of a work English
245 ## - TITLE STATEMENT
Title A Handbook on the Compulsory Motor Vehicle Insurance Act 1972 /
Statement of responsibility, etc. CJM Nathan
250 ## - EDITION STATEMENT
Edition statement First Edition
260 ## - PUBLICATION, DISTRIBUTION, ETC.
Place of publication, distribution, etc. Durban :
Name of publisher, distributor, etc. Butterworths,
Date of publication, distribution, etc. 1973
300 ## - PHYSICAL DESCRIPTION
Other physical details xvi, 170 pages ;
Dimensions 23 cm.
650 ## - SUBJECT`
Broad subject Legal practice
Own subject terms Law
942 ## - ADDED ENTRY ELEMENTS (KOHA)
Item type Books
942 ## - ADDED ENTRY ELEMENTS (KOHA)
-- ALISON_BN_VRIES
Holdings
Source of classification or shelving scheme Not for loan Collection code Home library Current library Shelving location Date acquired Full call number Barcode Price effective from Koha item type
Dewey Decimal Classification   TEXT BOOKS LAW SOCIETY OF NAMIBIA LIBRARY - WINDHOEK LAW SOCIETY OF NAMIBIA LIBRARY - WINDHOEK INSOLVENCY AND INSURANCE 11/01/2023 346.7 NAT LSN/1988/30 11/01/2023 Books